[Event "PRVA LIGA  CENTRALNE SRBIJE"]
[Site "Vrnjacka Banja"]
[Date "2012.09.30"]
[Round "3.1"]
[White "Stojanovic, Mihajlo"]
[Black "Chatalbashev, Boris"]
[Result "0-1"]
[WhiteElo "2572"]
[BlackElo "2549"]
[PlyCount "98"]
[EventDate "2012.09.29"]

1. Nf3 Nf6 2. c4 g6 3. Nc3 d5 4. cxd5 Nxd5 5. Qa4+ Nc6 6. Ne5 Qd6 7. Nxc6 Qxc6
8. Qxc6+ bxc6 9. b3 Nxc3 10. dxc3 a5 11. Bb2 a4 12. c4 e5 13. O-O-O f6 14. e3
Bc5 15. Kc2 Bg4 16. Ra1 O-O-O 17. Bd3 Rxd3 18. Kxd3 Rd8+ 19. Kc2 Bf5+ 20. Kc1
Bb4 21. Rd1 Rxd1+ 22. Kxd1 a3 23. Bxa3 Bxa3 24. Kd2 h5 25. Kc3 Bd6 26. b4 e4
27. Rh1 h4 28. h3 Be6 29. a4 f5 30. Re1 g5 31. f3 exf3 32. gxf3 g4 33. Rh1 Bg3
34. hxg4 fxg4 35. fxg4 Bxg4 36. Rg1 h3 37. Rxg3 h2 38. Rxg4 h1=Q 39. Rd4 Qc1+
40. Kd3 Qa3+ 41. Ke4 Qxb4 42. Kf3 Qxa4 43. Kg3 c5 44. Re4 Qd1 45. Kf4 Kd7 46.
Kg3 Kd6 47. Kf4 Qf1+ 48. Kg4 Qg2+ 49. Kf4 c6 0-1

[Event "PRVA LIGA  CENTRALNE SRBIJE"]
[Site "Vrnjacka Banja"]
[Date "2012.09.30"]
[Round "3.1"]
[White "Indjic, Aleksandar"]
[Black "Mista, Aleksander"]
[Result "1/2-1/2"]
[WhiteElo "2494"]
[BlackElo "2543"]
[PlyCount "78"]
[EventDate "2012.09.29"]

1. d4 d5 2. c4 dxc4 3. Nf3 Nf6 4. e3 e6 5. Bxc4 c5 6. O-O a6 7. a4 Nc6 8. Nc3
Be7 9. Qe2 cxd4 10. Rd1 O-O 11. exd4 Nb4 12. Bg5 Re8 13. Ne5 Nfd5 14. Bxe7 Qxe7
15. a5 b5 16. axb6 Nxb6 17. Na4 Nxa4 18. Rxa4 Bb7 19. Qd2 a5 20. Ra3 Rec8 21.
Rc3 Rc7 22. Bf1 Rac8 23. Ra1 Qd8 24. Nc4 Nd5 25. Rcc1 Ba6 26. Qxa5 Bxc4 27.
Rxc4 Rxc4 28. Qxd8+ Rxd8 29. Bxc4 Nb6 30. Bb5 Rxd4 31. Ra6 Rd1+ 32. Bf1 Rd6 33.
g3 Kf8 34. Bb5 Rd1+ 35. Kg2 Nd5 36. Ra8+ Ke7 37. Ra7+ Kf8 38. Ra8+ Ke7 39. Ra7+
Kf8 1/2-1/2

[Event "PRVA LIGA  CENTRALNE SRBIJE"]
[Site "Vrnjacka Banja"]
[Date "2012.09.30"]
[Round "3.1"]
[White "Tadic, Branko"]
[Black "Todorovic, Goran N"]
[Result "1/2-1/2"]
[WhiteElo "2525"]
[BlackElo "2388"]
[PlyCount "50"]
[EventDate "2012.09.29"]

1. Nf3 c5 2. c4 Nc6 3. Nc3 Nf6 4. g3 g6 5. Bg2 Bg7 6. d4 cxd4 7. Nxd4 O-O 8. c5
Nxd4 9. Qxd4 d6 10. Qb4 a5 11. Qa3 dxc5 12. Qxc5 b6 13. Qa3 Bd7 14. O-O b5 15.
b4 Rc8 16. Bb2 axb4 17. Qxb4 Rc4 18. Qb3 Qa5 19. Rad1 Be6 20. Nd5 Bxd5 21. Bxd5
Rb4 22. Qa3 Ra4 23. Qf3 Nxd5 24. Bxg7 Kxg7 25. Qxd5 e6 1/2-1/2

[Event "PRVA LIGA  CENTRALNE SRBIJE"]
[Site "Vrnjacka Banja"]
[Date "2012.09.30"]
[Round "3.1"]
[White "Rajkovic, Dusan"]
[Black "Nestorovic, Nikola"]
[Result "1/2-1/2"]
[WhiteElo "2409"]
[BlackElo "2430"]
[PlyCount "59"]
[EventDate "2012.09.29"]

1. d4 Nf6 2. c4 e6 3. Nf3 b6 4. g3 Ba6 5. b3 d5 6. cxd5 exd5 7. Bh3 Bb4+ 8. Bd2
Bxd2+ 9. Nbxd2 O-O 10. O-O c5 11. Ne5 Nbd7 12. Nxd7 Nxd7 13. Nf3 Re8 14. Re1
Nf6 15. Rc1 Qd6 16. Qc2 Ne4 17. dxc5 bxc5 18. Nd2 Nxd2 19. Qxd2 d4 20. Bg2 Rad8
21. Bf3 g6 22. Qb2 Re5 23. Red1 Rde8 24. Rd2 Qe7 25. b4 Bxe2 26. Bxe2 Rxe2 27.
Rxe2 Qxe2 28. Qxe2 Rxe2 29. bxc5 d3 30. Rd1 1/2-1/2

[Event "PRVA LIGA  CENTRALNE SRBIJE"]
[Site "Vrnjacka Banja"]
[Date "2012.09.30"]
[Round "3.1"]
[White "Djokic, Nenad"]
[Black "Nestorovic, Lazar"]
[Result "1-0"]
[WhiteElo "2401"]
[BlackElo "2384"]
[PlyCount "47"]
[EventDate "2012.09.29"]

1. d4 Nf6 2. Nf3 g6 3. c4 Bg7 4. Nc3 O-O 5. e4 d6 6. h3 e5 7. d5 Nh5 8. Nh2 Qe8
9. Be2 f5 10. exf5 Nf4 11. Bxf4 exf4 12. O-O Bxf5 13. Re1 Nd7 14. Nf3 Bxc3 15.
bxc3 Ne5 16. Qd2 Nxf3+ 17. Bxf3 Qd7 18. Qxf4 Bxh3 19. Qh4 Rf7 20. Re3 Raf8 21.
Rae1 Rf4 22. Qh6 R4f7 23. gxh3 Rxf3 24. Re7 1-0

[Event "PRVA LIGA  CENTRALNE SRBIJE"]
[Site "Vrnjacka Banja"]
[Date "2012.09.30"]
[Round "3.2"]
[White "Milenkovic, Mladen"]
[Black "Atalik, Suat"]
[Result "1/2-1/2"]
[WhiteElo "2404"]
[BlackElo "2603"]
[PlyCount "113"]
[EventDate "2012.09.29"]

1. e4 e5 2. Nc3 Bc5 3. Nf3 d6 4. d4 exd4 5. Nxd4 Nf6 6. Be2 O-O 7. Bg5 h6 8.
Bh4 Re8 9. Qd3 Nbd7 10. O-O-O Ne5 11. Qd2 Ng6 12. Bxf6 Qxf6 13. f3 c6 14. g3
Bh3 15. Bf1 Bd7 16. Bg2 Ne5 17. f4 Nc4 18. Qd3 b5 19. Bf3 Rad8 20. Nb1 Bb6 21.
c3 c5 22. Nc2 Bc6 23. Nd2 Nxd2 24. Qxd2 Bxe4 25. Bxe4 Rxe4 26. Qd3 Qe6 27. Qxb5
Qxa2 28. Rhe1 Qe6 29. Rxe4 Qxe4 30. Re1 Qa8 31. Qe2 d5 32. Qf3 Qc8 33. Ne3 Qe6
34. Qg4 Qe4 35. Qf5 Qxf5 36. Nxf5 Kf8 37. Kc2 h5 38. Rd1 c4 39. b3 g6 40. Nd4
Re8 41. bxc4 dxc4 42. Nf3 Re2+ 43. Rd2 Rxd2+ 44. Kxd2 f6 45. Ke2 Kf7 46. Nd2
Ba5 47. Nxc4 Bxc3 48. Nd6+ Ke6 49. Nb5 Bb4 50. Nxa7 Kd5 51. Nb5 Ke4 52. Nc7 h4
53. gxh4 Ba5 54. Ne8 Bc3 55. Nxf6+ Bxf6 56. h5 gxh5 57. Kf2 1/2-1/2

[Event "PRVA LIGA  CENTRALNE SRBIJE"]
[Site "Vrnjacka Banja"]
[Date "2012.09.30"]
[Round "3.2"]
[White "Markovic, Zoran S"]
[Black "Dezelin, Milan"]
[Result "1/2-1/2"]
[WhiteElo "2361"]
[BlackElo "2287"]
[PlyCount "107"]
[EventDate "2012.09.29"]

1. e4 c5 2. Nf3 Nc6 3. d4 cxd4 4. Nxd4 g6 5. c4 Bg7 6. Be3 Nf6 7. Nc3 d6 8. Be2
O-O 9. O-O Nxd4 10. Bxd4 Be6 11. Rc1 Qa5 12. b3 Rfc8 13. f4 b5 14. Nxb5 Nxe4
15. Bxg7 Kxg7 16. Qd4+ Nf6 17. Bf3 d5 18. cxd5 Rxc1 19. Rxc1 Rc8 20. Nc3 Qa3
21. Rd1 Bf5 22. h3 h5 23. Re1 h4 24. Kh2 Qb2 25. Nb5 Qxa2 26. Nxa7 Rc2 27. Nc6
Qxb3 28. Qe3 Rc3 29. Qf2 Rc2 30. Qe3 Rc3 31. Qf2 Rc2 32. Nd4 Rxf2 33. Nxb3 Kf8
34. Nd4 Bd3 35. Nc6 Ng8 36. Ra1 Rd2 37. Ra4 Bf5 38. Ra7 Nf6 39. Nxe7 Be4 40.
Bxe4 Nxe4 41. Nxg6+ fxg6 42. Rh7 Rxd5 43. Rxh4 Kg7 44. f5 gxf5 45. Rf4 Kg6 46.
g4 Rd2+ 47. Kg1 Kg5 48. Rxf5+ Kh4 49. Rf3 Ng5 50. Ra3 Nxh3+ 51. Kf1 Kxg4 52.
Ke1 Rh2 53. Kd1 Nf2+ 54. Kc2 1/2-1/2

[Event "PRVA LIGA  CENTRALNE SRBIJE"]
[Site "Vrnjacka Banja"]
[Date "2012.09.30"]
[Round "3.2"]
[White "Cvetanovic, Uros"]
[Black "Organdziev, Oliver"]
[Result "1-0"]
[WhiteElo "2229"]
[BlackElo "2311"]
[PlyCount "109"]
[EventDate "2012.09.29"]

1. e4 e5 2. Nc3 Bc5 3. Bc4 Nf6 4. d3 d6 5. Na4 Nbd7 6. Nxc5 Nxc5 7. f4 Be6 8.
Bxe6 Nxe6 9. fxe5 dxe5 10. Nf3 Nd7 11. O-O O-O 12. Qe1 Qe7 13. Kh1 f6 14. Nh4
Rae8 15. Qg3 Kh8 16. Qh3 Qf7 17. Be3 b6 18. Rf2 Nb8 19. Raf1 Nc6 20. Qg4 Ne7
21. Rf3 Ng6 22. Nxg6+ Qxg6 23. Qh4 Qf7 24. b3 c5 25. Rh3 Qg8 26. Rf5 Rf7 27.
Rf2 a5 28. Qg4 a4 29. bxa4 Ra7 30. Qg6 Ree7 31. g4 Nf8 32. Qf5 Qe6 33. g5 Qxf5
34. Rxf5 Re6 35. gxf6 gxf6 36. Bh6 Ng6 37. Rg3 Rf7 38. Rf2 Re8 39. h4 Rg8 40.
Rgf3 Nxh4 41. Rxf6 Ra7 42. Rh2 Ng6 43. Rxb6 Rf7 44. Rg2 Rf1+ 45. Kh2 Ra1 46. c3
Rd1 47. Rd6 c4 48. d4 Re1 49. Bg5 Ra8 50. Bf6+ Kg8 51. Rd7 Ra6 52. dxe5 Rxe4
53. Rb2 Ra8 54. Rg7+ Kf8 55. Rxh7 1-0

[Event "PRVA LIGA  CENTRALNE SRBIJE"]
[Site "Vrnjacka Banja"]
[Date "2012.09.30"]
[Round "3.2"]
[White "Zajic, Milan"]
[Black "Dudukovic, Nikola"]
[Result "0-1"]
[WhiteElo "2212"]
[BlackElo "2283"]
[PlyCount "81"]
[EventDate "2012.09.29"]

1. e4 e6 2. d4 d5 3. Nc3 Nf6 4. e5 Nfd7 5. Nf3 c5 6. Bg5 Qb6 7. dxc5 Bxc5 8.
Qd2 Bb4 9. a3 Qa5 10. O-O-O Bxc3 11. Qxc3 Qxc3 12. bxc3 Nc6 13. Bf4 Nb6 14. Nd4
Nxd4 15. Rxd4 Bd7 16. Kd2 Rc8 17. Rb4 Bc6 18. Bd3 Nd7 19. f3 O-O 20. c4 a5 21.
Rb3 dxc4 22. Bxc4 Ba4 23. Rc3 Nb6 24. Bb3 Rxc3 25. Kxc3 Bxb3 26. Kxb3 a4+ 27.
Kb2 Rd8 28. Re1 Nc4+ 29. Ka2 b5 30. h4 h5 31. Re4 Rd1 32. g4 hxg4 33. fxg4 Rg1
34. Bg5 Rg2 35. h5 Rxc2+ 36. Ka1 Nxa3 37. Rd4 Rg2 38. Rd8+ Kh7 39. Be7 Nc4 40.
Rb8 Nxe5 41. Rxb5 0-1

[Event "PRVA LIGA  CENTRALNE SRBIJE"]
[Site "Vrnjacka Banja"]
[Date "2012.09.30"]
[Round "3.4"]
[White "Rusev, Krasimir"]
[Black "Stojanovski, Dejan"]
[Result "1-0"]
[WhiteElo "2544"]
[BlackElo "2435"]
[PlyCount "105"]
[EventDate "2012.09.29"]

1. c4 c5 2. Nc3 Nf6 3. g3 d5 4. cxd5 Nxd5 5. Bg2 Nc7 6. e3 Nc6 7. Nge2 e5 8.
O-O Be7 9. f4 exf4 10. Nxf4 O-O 11. b3 Bf6 12. Ba3 Bxc3 13. dxc3 Qe8 14. Nd5
Nxd5 15. Qxd5 Qxe3+ 16. Rf2 Be6 17. Qxc5 Qxc5 18. Bxc5 Rfd8 19. c4 Rd7 20. Re1
Rad8 21. Bf3 h6 22. Kg2 a5 23. Bb6 Ra8 24. Rd1 Rxd1 25. Bxd1 a4 26. Rd2 axb3
27. axb3 f5 28. Kf3 Kf7 29. Ke3 Kf6 30. Kd3 g5 31. Kc3 g4 32. b4 Kf7 33. Re2
Ne7 34. Bb3 h5 35. b5 Ra1 36. Bc7 Ng6 37. Kd4 h4 38. Kc5 hxg3 39. hxg3 Rc1 40.
Rc2 Rb1 41. Ba2 Rf1 42. Kb6 f4 43. Bxf4 Nxf4 44. gxf4 g3 45. c5 Rf2 46. Bxe6+
Kxe6 47. Rc3 g2 48. Rg3 Rb2 49. Rg5 Ke7 50. Rg6 Kf8 51. f5 Kf7 52. Rxg2 Rxg2
53. Kxb7 1-0

[Event "PRVA LIGA  CENTRALNE SRBIJE"]
[Site "Vrnjacka Banja"]
[Date "2012.09.30"]
[Round "3.4"]
[White "Djukic, Zeljko"]
[Black "Radovanovic, Dusan"]
[Result "1/2-1/2"]
[WhiteElo "2405"]
[BlackElo "2359"]
[PlyCount "33"]
[EventDate "2012.09.29"]

1. d4 Nf6 2. c4 e6 3. Nc3 Bb4 4. Bd2 d5 5. Qb3 Nc6 6. Nf3 Bxc3 7. Bxc3 Ne4 8.
e3 O-O 9. Be2 Nxc3 10. Qxc3 Ne7 11. O-O Ng6 12. Rfc1 c6 13. b4 Bd7 14. Bd3 Nh4
15. Nxh4 Qxh4 16. c5 f6 17. Re1 1/2-1/2

[Event "PRVA LIGA  CENTRALNE SRBIJE"]
[Site "Vrnjacka Banja"]
[Date "2012.09.30"]
[Round "3.4"]
[White "Zivkovic, Ivan B"]
[Black "Ilic, Zoran S"]
[Result "1/2-1/2"]
[WhiteElo "2351"]
[BlackElo "2311"]
[PlyCount "21"]
[EventDate "2012.09.29"]

1. e4 c5 2. Nf3 Nc6 3. d4 cxd4 4. Nxd4 Qb6 5. Nb3 Nf6 6. Nc3 e6 7. Bd3 d6 8.
O-O a6 9. a4 Qc7 10. a5 Be7 11. Be3 1/2-1/2

[Event "PRVA LIGA  CENTRALNE SRBIJE"]
[Site "Vrnjacka Banja"]
[Date "2012.09.30"]
[Round "3.4"]
[White "Djokic, Vladan"]
[Black "Marcetic, Nikola"]
[Result "1-0"]
[WhiteElo "2334"]
[BlackElo "2382"]
[PlyCount "79"]
[EventDate "2012.09.29"]

1. e4 c5 2. Nf3 d6 3. d4 cxd4 4. Nxd4 Nf6 5. Nc3 g6 6. Be2 Bg7 7. O-O O-O 8.
Kh1 Nc6 9. Be3 Bd7 10. f4 Nxd4 11. Bxd4 Bc6 12. Bf3 Qa5 13. a3 e5 14. fxe5 dxe5
15. Be3 Rfd8 16. Qe1 Qc7 17. Qh4 Rd6 18. Be2 h5 19. Bc4 Be8 20. Bb3 Ng4 21. Bg5
Kh7 22. h3 f6 23. hxg4 fxg5 24. Qxg5 Qd7 25. gxh5 gxh5 26. Rad1 Rd4 27. Rxd4
exd4 28. Nd5 Qg4 29. Qe7 Kh6 30. Nc7 Bg6 31. Nxa8 Qe2 32. Rf3 Bxe4 33. Qe6+ Kh7
34. Rg3 Bxg2+ 35. Rxg2 Qf1+ 36. Kh2 Qf4+ 37. Kg1 Qc1+ 38. Kf2 Qf4+ 39. Ke2 d3+
40. cxd3 1-0

[Event "PRVA LIGA  CENTRALNE SRBIJE"]
[Site "Vrnjacka Banja"]
[Date "2012.09.30"]
[Round "3.4"]
[White "Vuckovic, Branko"]
[Black "Djukic, Stevan"]
[Result "1-0"]
[WhiteElo "2258"]
[BlackElo "2256"]
[PlyCount "85"]
[EventDate "2012.09.29"]

1. e4 e6 2. f4 d5 3. e5 c5 4. c3 d4 5. Nf3 Nc6 6. Bd3 Nge7 7. O-O h5 8. Na3 g6
9. Nc2 Nf5 10. b3 b6 11. Be4 Bb7 12. Bb2 Qd7 13. Kh1 Rd8 14. Bxf5 gxf5 15. cxd4
cxd4 16. Ncxd4 Nxd4 17. Nxd4 h4 18. h3 Bc5 19. Nf3 Ba6 20. Re1 Bf2 21. d4 Bxe1
22. Qxe1 Bb7 23. Qf2 Bxf3 24. Qxf3 Qd5 25. Qe2 Rc8 26. Rg1 Kd7 27. Qa6 Rc7 28.
Ba3 Ra8 29. Qe2 Rh8 30. Bd6 Rc3 31. Kh2 Qc6 32. Qa6 Ra8 33. Qe2 Rh8 34. Qa6 Qa8
35. d5 exd5 36. Bb4 Rc6 37. Qa3 Ke6 38. Be7 Qb7 39. Bf6 Qd7 40. Bxh8 d4 41. Rd1
d3 42. Qf8 Rc3 43. Qd6+ 1-0

[Event "PRVA LIGA  CENTRALNE SRBIJE"]
[Site "Vrnjacka Banja"]
[Date "2012.09.30"]
[Round "3.4"]
[White "Stankovic, Dejan"]
[Black "Pajic, Milomir"]
[Result "1/2-1/2"]
[WhiteElo "2267"]
[BlackElo "2177"]
[PlyCount "25"]
[EventDate "2012.09.29"]

1. e4 c5 2. Nf3 e6 3. b3 d6 4. Bb2 Nf6 5. e5 dxe5 6. Nxe5 Be7 7. Qf3 O-O 8. d3
Nbd7 9. Nd2 Nxe5 10. Bxe5 Nd7 11. Bb2 Bf6 12. Bxf6 Nxf6 13. Be2 1/2-1/2

[Event "PRVA LIGA  CENTRALNE SRBIJE"]
[Site "Vrnjacka Banja"]
[Date "2012.09.30"]
[Round "3.5"]
[White "Radovanovic, Jovica"]
[Black "Misailovic, Nebojsa"]
[Result "0-1"]
[WhiteElo "2341"]
[BlackElo "2313"]
[PlyCount "128"]
[EventDate "2012.09.29"]

1. c4 Nf6 2. g3 g6 3. Bg2 Bg7 4. Nc3 O-O 5. d4 Nc6 6. e3 d6 7. Nf3 Bf5 8. O-O
Qd7 9. Re1 Bh3 10. Bh1 Bg4 11. Qa4 e5 12. d5 Ne7 13. e4 Qd8 14. c5 Nd7 15. cxd6
cxd6 16. Qa3 Nb6 17. Qb3 h6 18. Bg2 f5 19. h3 fxe4 20. Nxe4 Bd7 21. Nxd6 Ba4
22. Qa3 Nexd5 23. Nxe5 Qe7 24. Bf4 Nxf4 25. gxf4 Qf6 26. Ne4 Qf5 27. Qg3 g5 28.
fxg5 Bxe5 29. Nf6+ Bxf6 30. gxf6+ Qg5 31. Qxg5+ hxg5 32. Re5 Rxf6 33. Rxg5+ Kh7
34. Bxb7 Raf8 35. Be4+ Kh6 36. Rg2 Rf4 37. f3 R8f6 38. Rg4 Rxg4+ 39. hxg4 Kg5
40. Rc1 Kf4 41. Kf2 Rd6 42. Ke1 Bb5 43. b3 Rh6 44. a4 Bd7 45. a5 Nc8 46. Rc7
Be6 47. Kd2 Nd6 48. Bc6 a6 49. Kc3 Rh1 50. Kb2 Re1 51. Ra7 Re2+ 52. Ka3 Re3 53.
Kb4 Rxb3+ 54. Kc5 Nc8 55. Rxa6 Ke5 56. Be4 Rc3+ 57. Kb4 Rc4+ 58. Ka3 Bd7 59.
Rh6 Kd4 60. a6 Kc3 61. Ka2 Na7 62. Rd6 Bb5 63. g5 Rb4 64. g6 Bc4+ 0-1

[Event "PRVA LIGA  CENTRALNE SRBIJE"]
[Site "Vrnjacka Banja"]
[Date "2012.09.30"]
[Round "3.5"]
[White "Colovic, Dusan"]
[Black "Bozovic, Nikola"]
[Result "1-0"]
[WhiteElo "2383"]
[BlackElo "2252"]
[PlyCount "83"]
[EventDate "2012.09.29"]

1. d4 Nf6 2. Nc3 d5 3. Bf4 Bf5 4. f3 e6 5. g4 Bg6 6. h4 h6 7. e3 a6 8. Bd3 Bxd3
9. Qxd3 c5 10. dxc5 Bxc5 11. O-O-O Nc6 12. Nge2 Qa5 13. Kb1 Nd7 14. Nc1 Nce5
15. Qe2 Nc4 16. Nb3 Qb4 17. Rd3 Be7 18. a3 Nxa3+ 19. bxa3 Qxa3 20. e4 Nc5 21.
Nxc5 Qxc5 22. Bc1 d4 23. Na2 Qb5+ 24. Ka1 O-O 25. Rh2 Rac8 26. g5 h5 27. f4 Rc4
28. Rb3 Qc6 29. Qd3 b5 30. f5 Rc8 31. Kb1 exf5 32. exf5 a5 33. Re2 a4 34. Rb2
Bf8 35. g6 fxg6 36. fxg6 b4 37. Qf5 Rc5 38. Qf7+ Kh8 39. Nxb4 Qf6 40. Nd3 Rf5
41. Re8 Rxe8 42. Qxe8 1-0

[Event "PRVA LIGA  CENTRALNE SRBIJE"]
[Site "Vrnjacka Banja"]
[Date "2012.09.30"]
[Round "3.5"]
[White "Misojcic, Miroslav"]
[Black "Civric, Zdravko"]
[Result "1/2-1/2"]
[WhiteElo "2253"]
[BlackElo "2215"]
[PlyCount "69"]
[EventDate "2012.09.29"]

1. d4 Nf6 2. c4 c5 3. d5 b5 4. cxb5 e6 5. Nc3 exd5 6. Nxd5 Bb7 7. Nxf6+ Qxf6 8.
Nf3 d5 9. g3 Bd6 10. Bg2 O-O 11. O-O Re8 12. Nd2 Bf8 13. Nc4 Rd8 14. Na5 Bc8
15. Bxd5 Be6 16. e4 Bxd5 17. exd5 Qf5 18. Nc4 Rxd5 19. Qe2 Rd8 20. Be3 Nd7 21.
Rfd1 Nf6 22. Rxd8 Rxd8 23. Rd1 Re8 24. b3 Ne4 25. Qd3 Qf3 26. Qf1 Nc3 27. Rd2
Nxb5 28. Qd1 Qf6 29. Kg2 Nc3 30. Qf3 Qe6 31. Rc2 Nb5 32. Rd2 Nc3 33. Rc2 Nb5
34. Rd2 Nc3 35. Rc2 1/2-1/2

[Event "PRVA LIGA  CENTRALNE SRBIJE"]
[Site "Vrnjacka Banja"]
[Date "2012.09.30"]
[Round "3.5"]
[White "Knezevic, Veljko"]
[Black "Urosevic, Zoran"]
[Result "0-1"]
[WhiteElo "1915"]
[BlackElo "2255"]
[PlyCount "178"]
[EventDate "2012.09.29"]

1. e4 c5 2. Nf3 d6 3. d4 cxd4 4. Nxd4 Nf6 5. Nc3 a6 6. Be2 e5 7. Nb3 Be7 8. O-O
O-O 9. Be3 Be6 10. Kh1 Qc7 11. f4 Nbd7 12. Bf3 exf4 13. Bxf4 Ne5 14. Nd4 b5 15.
Nd5 Bxd5 16. exd5 Nfd7 17. Re1 Bf6 18. Nc6 Rfe8 19. Nxe5 Bxe5 20. Qc1 Qc4 21.
Bxe5 Rxe5 22. Rxe5 Nxe5 23. Qd1 Nxf3 24. Qxf3 Qxc2 25. Rf1 Rf8 26. Qa3 Qc4 27.
Rd1 b4 28. Qa4 Rc8 29. Re1 Qb5 30. Qd1 h6 31. h3 Re8 32. Rxe8+ Qxe8 33. Qb3 Qb5
34. Qf3 Qc5 35. Qb3 a5 36. a3 bxa3 37. bxa3 g6 38. Kh2 Kh7 39. Qf3 Kg7 40. Qb3
Qd4 41. a4 Qf4+ 42. Kg1 Qb4 43. Qa2 Qc3 44. Kh1 h5 45. Kh2 h4 46. Kh1 g5 47.
Qb1 Kf6 48. Qf1+ Ke5 49. Qb5 Qc1+ 50. Kh2 Qc5 51. Qe8+ Kxd5 52. Qxf7+ Kd4 53.
Qf2+ Kc3 54. Qe1+ Kb3 55. Qd1+ Kb4 56. Qg4+ Ka3 57. Qd1 Qe5+ 58. Kh1 d5 59.
Qc1+ Kxa4 60. Qc6+ Kb4 61. Qb6+ Kc4 62. Qxa5 Kd3 63. Qb5+ Ke3 64. Qc5+ Kd3 65.
Qb5+ Kd2 66. Qa5+ Kd1 67. Qa4+ Ke1 68. Qa5+ Ke2 69. Qb5+ Kf2 70. Qc5+ Qe3 71.
Qc2+ Ke1 72. Qb1+ Ke2 73. Qb2+ Qd2 74. Qe5+ Kf2 75. Qf5+ Ke1 76. Qe5+ Kd1 77.
Qa1+ Qc1 78. Qa5 d4 79. Qa4+ Ke2+ 80. Kh2 Qf4+ 81. Kh1 d3 82. Qe8+ Qe3 83. Qh5+
Ke1 84. Qg4 Kf2 85. Qf5+ Ke1 86. Qg4 d2 87. Qb4 Kf1 88. Qc4+ Qe2 89. Qf7+ Ke1
0-1

[Event "PRVA LIGA  CENTRALNE SRBIJE"]
[Site "Vrnjacka Banja"]
[Date "2012.09.30"]
[Round "3.5"]
[White "Misic, Dragan"]
[Black "Minic, Miroslav"]
[Result "1-0"]
[WhiteElo "2294"]
[BlackElo "2058"]
[PlyCount "84"]
[EventDate "2012.09.29"]

1. Nf3 f5 2. d3 Nf6 3. e4 d6 4. exf5 Bxf5 5. d4 Nbd7 6. Bc4 e5 7. dxe5 Nxe5 8.
Nxe5 dxe5 9. Qe2 Qe7 10. Be3 g6 11. O-O Bg7 12. Nc3 c6 13. h3 Be6 14. Bg5 h6
15. Bxf6 Bxf6 16. Rad1 O-O 17. Ne4 Rad8 18. Rxd8 Rxd8 19. Bxe6+ Qxe6 20. Qe3
Bg7 21. Qxa7 Qc4 22. Qb6 Rd5 23. Nc3 Rd2 24. Qxb7 e4 25. Qe7 Bxc3 26. bxc3 Qe2
27. Qe6+ Kg7 28. Qe7+ Kg8 29. Qe6+ Kg7 30. Qxc6 Rd1 31. Qc7+ Kg8 32. Rxd1 Qxd1+
33. Kh2 Qxc2 34. Qb8+ Kg7 35. Qe5+ Kf7 36. a3 Qxf2 37. Qxe4 Qd2 38. Qc4+ Kf8
39. Qd4 Qc1 40. a4 Qg5 41. Qd6+ Kf7 42. c4 Qa5 1-0

[Event "PRVA LIGA  CENTRALNE SRBIJE"]
[Site "Vrnjacka Banja"]
[Date "2012.09.30"]
[Round "3.6"]
[White "Martinovic, Slobodan"]
[Black "Tosic, Miroslav"]
[Result "1/2-1/2"]
[WhiteElo "2447"]
[BlackElo "2421"]
[PlyCount "29"]
[EventDate "2012.09.29"]

1. Nf3 Nf6 2. c4 c6 3. d4 d6 4. Nc3 Nbd7 5. e4 e5 6. Bd3 Be7 7. O-O O-O 8. h3
exd4 9. Nxd4 Nc5 10. Bc2 a5 11. Bf4 Re8 12. Re1 Bf8 13. Qd2 Nfd7 14. b3 Ne5 15.
Be3 1/2-1/2

[Event "PRVA LIGA  CENTRALNE SRBIJE"]
[Site "Vrnjacka Banja"]
[Date "2012.09.30"]
[Round "3.6"]
[White "Paunovic, Tomislav"]
[Black "Marinkovic, Ivan"]
[Result "1/2-1/2"]
[WhiteElo "2333"]
[BlackElo "2443"]
[PlyCount "36"]
[EventDate "2012.09.29"]

1. d4 Nf6 2. c4 c5 3. d5 b5 4. cxb5 a6 5. bxa6 g6 6. Nc3 Bxa6 7. e4 Bxf1 8.
Kxf1 d6 9. Nf3 Bg7 10. g3 O-O 11. Kg2 Nbd7 12. Qe2 Nb6 13. a4 Qc8 14. Bd2 Qa6
15. Qxa6 Rxa6 16. b3 Rb8 17. Rab1 Nfd7 18. Nb5 Nc8 1/2-1/2

[Event "PRVA LIGA  CENTRALNE SRBIJE"]
[Site "Vrnjacka Banja"]
[Date "2012.09.30"]
[Round "3.6"]
[White "Arsovic, Goran"]
[Black "Carnic, Srdjan"]
[Result "1/2-1/2"]
[WhiteElo "2435"]
[BlackElo "2338"]
[PlyCount "131"]
[EventDate "2012.09.29"]

1. d4 Nf6 2. Nf3 e6 3. c4 b6 4. a3 Bb7 5. Nc3 d5 6. Bg5 Be7 7. Bxf6 Bxf6 8.
cxd5 exd5 9. Qa4+ c6 10. g3 O-O 11. Bg2 Nd7 12. O-O Re8 13. Rfd1 g6 14. Rac1
Bg7 15. e3 Qe7 16. Ne1 Nf6 17. Nd3 Rec8 18. b4 a6 19. Qb3 Rab8 20. a4 Rd8 21.
a5 b5 22. Nc5 Bc8 23. Ne2 Bh6 24. Re1 Re8 25. h3 Nd7 26. Nd3 Bb7 27. Kh2 Qd6
28. Qd1 Bf8 29. Rc2 h5 30. Kg1 Qf6 31. Nec1 Rbd8 32. Nb3 Bd6 33. Qd2 h4 34. g4
Qe7 35. Rcc1 Nf6 36. Nbc5 Bc8 37. f3 Bg3 38. Re2 Qd6 39. Rf1 Re7 40. f4 Nd7 41.
Nb3 Rde8 42. Ne5 Kg7 43. Qc3 Nb8 44. Rf3 f6 45. Nd3 Nd7 46. Nd2 g5 47. Nf1 Re4
48. Rxg3 hxg3 49. Nxg3 Nf8 50. Bxe4 dxe4 51. Nc5 Ng6 52. Nh5+ Kh6 53. Rf2 gxf4
54. Nxf4 Nh4 55. Qc2 f5 56. Qa2 Qf6 57. Nh5 Qg6 58. Rf4 Nf3+ 59. Kh1 Rf8 60.
Nxe4 Be6 61. Qf2 Bc4 62. Kg2 fxg4 63. Rxf8 Qxe4 64. Rf4 gxh3+ 65. Kxh3 Ng5+ 66.
Kg3 1/2-1/2

[Event "PRVA LIGA  CENTRALNE SRBIJE"]
[Site "Vrnjacka Banja"]
[Date "2012.09.30"]
[Round "3.6"]
[White "Tasic, Vladimir"]
[Black "Nikolic, Boban"]
[Result "0-1"]
[WhiteElo "2250"]
[BlackElo "2235"]
[PlyCount "92"]
[EventDate "2012.09.29"]

1. f4 d5 2. Nf3 g6 3. g3 Bg7 4. Bg2 Nh6 5. c3 c6 6. d3 Nd7 7. e4 dxe4 8. dxe4
Nc5 9. Qxd8+ Kxd8 10. e5 Nd3+ 11. Ke2 Nxc1+ 12. Rxc1 Kc7 13. Nbd2 f6 14. exf6
exf6 15. h3 Re8+ 16. Kf2 Nf5 17. Re1 Be6 18. g4 Nd6 19. Nd4 Bf7 20. Ne4 Nxe4+
21. Rxe4 Rxe4 22. Bxe4 Bf8 23. f5 Bc5 24. a3 Bxd4+ 25. cxd4 g5 26. h4 Re8 27.
Bf3 h6 28. Rh1 Rf8 29. hxg5 hxg5 30. Rh6 Bc4 31. Ke3 a5 32. Rh7+ Kb6 33. Rd7
Rh8 34. b4 a4 35. d5 Rh3 36. dxc6 bxc6 37. Kf2 Rh2+ 38. Ke1 Ra2 39. Rd6 Bb5 40.
Rxf6 Rxa3 41. Bd1 Re3+ 42. Kd2 a3 43. Kxe3 a2 44. Bf3 a1=Q 45. Rg6 Qe1+ 46. Kd4
Qxb4+ 0-1